000 00594cam a2200241 4500
001 J3229
008 090401t1995 xxu||||| |||| 00| 0 eng d
035 _a(Sirsi) u53797
041 _aeng
050 _a306.1309421
110 _aLondon Research Centre
_93277
245 _aPrivate sector rents bulletin 9
260 _aLondon
_bLondon Research Centre
_c1995
300 _a(8)p. ; 30cm.
350 _a25
650 _aLONDON
650 _aPRIVATE RENTED SECTOR
650 _aRENT
650 _aRESIDENTIAL PROPERTY
_96266
690 _aHOUSING
942 _n0
948 _c04/03/1997
999 _c93339
_d93339